书目信息 |
| 题名: |
工程建设标准编制指南
|
|
| 作者: | 住房和城乡建设部标准定额司 | |
| 分册: | ||
| 出版信息: | 北京 中国建筑工业出版社 2009.06 |
|
| 页数: | 173页 | |
| 开本: | 20cm | |
| 丛书名: | ||
| 单 册: | ||
| 中图分类: | TU74-65 | |
| 科图分类: | ||
| 主题词: | 建筑工程--工程施工--技术 | |
| 电子资源: | ||
| ISBN: | ||
| 000 | 00868nam0 2200229 450 | |
| 001 | 1062705999 | |
| 005 | 20100508144603.56 | |
| 010 | @dCNY18.00 | |
| 091 | @a15112·17639 | |
| 100 | @a20100515d2009 km y0chiy0120 ea | |
| 101 | 0 | @achi |
| 102 | @aCN@b110000 | |
| 105 | @ay z 000yy | |
| 200 | 1 | @a工程建设标准编制指南@Agong cheng jian she biao zhun bian zhi zhi nan@f住房和城乡建设部标准定额司@Fzhu fang he cheng xiang jian she bu biao zhun ding e si |
| 210 | @a北京@c中国建筑工业出版社@d2009.06 | |
| 215 | @a173页@d20cm | |
| 330 | @a本指南共分三部分:第一部分为工程建设标准编制与管理,第二部分为《编写规定》条文释义,第三部分为标准化有关法规。 | |
| 606 | 0 | @a建筑工程@x工程施工@x技术 |
| 690 | @aTU74-65@v4 | |
| 701 | 0 | @a住房和城乡建设部标准定额司@Azhu fang he cheng xiang jian she bu biao zhun ding e si |
| 801 | 0 | @aCN@c20100515 |
| 905 | @dTU74-65@eZ911@f5 | |
| 工程建设标准编制指南/住房和城乡建设部标准定额司.-北京:中国建筑工业出版社,2009.06 |
| 173页;20cm |
| ISBN :CNY18.00 |
| 本指南共分三部分:第一部分为工程建设标准编制与管理,第二部分为《编写规定》条文释义,第三部分为标准化有关法规。 |
| ● |
| 相关链接 |
|
|
|
正题名:工程建设标准编制指南
索取号:TU74-65/Z911
 
预约/预借
| 序号 | 登录号 | 条形码 | 馆藏地/架位号 | 状态 | 备注 |
| 1 | 898506 | 208985062 | 建筑库201/201建筑库 108排8列1层/ [索取号:TU74-65/Z911] | 在馆 | |
| 2 | 898507 | 208985071 | 建筑库201/201建筑库 108排8列1层/ [索取号:TU74-65/Z911] | 在馆 | |
| 3 | 898508 | 208985080 | 建筑库201/201建筑库 108排8列1层/ [索取号:TU74-65/Z911] | 在馆 | |
| 4 | 898509 | 208985099 | 建筑库201/201建筑库 108排8列1层/ [索取号:TU74-65/Z911] | 在馆 | |
| 5 | 898510 | 208985106 | 建筑库201/201建筑库 108排8列1层/ [索取号:TU74-65/Z911] | 在馆 |